Music Quiz

Random Music or Clickable Quiz

One Direction Songs Per Album Quiz Stats

 Plays Quiz not verified by Sporcle

Challenge
Share
Tweet
Embed
Score 0/69 Timer 10:00
0 Plays Today
% Correct
Midnight Memories
80.9%
Up All Night
78%
Don't Forget Where You Belong
74.9%
18
74.7%
I Want
74.3%
Little White Lies
74.3%
Steal My Girl
74.1%
Live While We're Young
73.8%
Little Black Dress
73.8%
Happily
73.8%
Fireproof
73.8%
Night Changes
73.6%
Kiss You
73.4%
Little Things
73.4%
C'mon C'mon
73.4%
Fool's Gold
73.4%
Girl Almighty
73.4%
Stockholm Syndrome
73.4%
Best Song Ever
72.9%
Story of My Life
72.9%
Gotta Be You
72.7%
Rock Me
72.7%
I Would
72.7%
No Control
72.7%
Summer Love
72.3%
Where Do Broken Hearts Go?
72.1%
Act My Age
72.1%
What Makes You Beautiful
71.8%
Better Than Words
71.4%
Diana
71.4%
I Wish
71.2%
One Thing
71%
Strong
71%
Illusion
71%
Taken
70.7%
% Correct
Heart Attack
70.7%
Clouds
70.7%
You and I
70.5%
Through The Dark
70.3%
Spaces
70.3%
They Don't Know About Us
70.1%
Last First Kiss
70.1%
Once in a Lifetime
70.1%
Ready to Run
70.1%
Change Your Ticket
69.4%
She's Not Afraid
69.2%
Save You Tonight
69%
Moments
69%
Stand Up
68.7%
More Than This
68.3%
Back For You
67.8%
Tell Me a Lie
67.6%
Over Again
67.6%
Loved You First
67%
Why Don't We Go There
67%
Nobody Compares
66.5%
Change My Mind
65.9%
Alive
65.6%
Something Great
65.4%
Same Mistakes
65.2%
Right Now
65.2%
Truly Madly Deeply
65%
Half a Heart
64.7%
Does He Know
64.7%
Everything About You
64.1%
Stole My Heart
63.4%
Still The One
63%
Irresistible
59.6%
Magic
59.2%

You're not logged in!

Compare scores with friends on all Sporcle quizzes.
Join for Free
OR
Log In

You Might Also Like...

Show Comments

Extras

Top Quizzes Today


Score Distribution

Your Account Isn't Verified!

In order to create a playlist on Sporcle, you need to verify the email address you used during registration. Go to your Sporcle Settings to finish the process.

Report this User

Report this user for behavior that violates our Community Guidelines.

Details: